Accounting information systems / (Record no. 7707)
[ view plain ]
| 000 -LEADER | |
|---|---|
| fixed length control field | 01003cam a22002894a 4500 |
| 001 - CONTROL NUMBER | |
| control field | 12713680 |
| 003 - CONTROL NUMBER IDENTIFIER | |
| control field | GZU |
| 005 - DATE AND TIME OF LATEST TRANSACTION | |
| control field | 20210512100005.0 |
| 008 - FIXED-LENGTH DATA ELEMENTS--GENERAL INFORMATION | |
| fixed length control field | 020322s2003 ohua b 001 0 eng |
| 010 ## - LIBRARY OF CONGRESS CONTROL NUMBER | |
| LC control number | 2002021710 |
| 020 ## - INTERNATIONAL STANDARD BOOK NUMBER | |
| International Standard Book Number | 0324314418 |
| 040 ## - CATALOGING SOURCE | |
| Original cataloging agency | DLC |
| Transcribing agency | DLC |
| Modifying agency | DLC |
| 042 ## - AUTHENTICATION CODE | |
| Authentication code | pcc |
| 050 00 - LIBRARY OF CONGRESS CALL NUMBER | |
| Classification number | HF5679 |
| Item number | .RAM 2006 |
| 100 1# - MAIN ENTRY--PERSONAL NAME | |
| Personal name | Jones, Frederick L. |
| Relator term | author |
| 245 10 - TITLE STATEMENT | |
| Title | Accounting information systems / |
| Statement of responsibility, etc. | Dasaratha V. Rama, Frederick L. Jones. |
| 250 ## - EDITION STATEMENT | |
| Edition statement | 1st ed. |
| 260 ## - PUBLICATION, DISTRIBUTION, ETC. | |
| Place of publication, distribution, etc. | Belmont : |
| Name of publisher, distributor, etc. | Thomson/South-Western, |
| Date of publication, distribution, etc. | c2006 |
| 300 ## - PHYSICAL DESCRIPTION | |
| Extent | xix, 684 p. : |
| Other physical details | ill. ; |
| Dimensions | 26 cm. |
| 504 ## - BIBLIOGRAPHY, ETC. NOTE | |
| Bibliography, etc. note | Includes bibliographical references and index. |
| 650 #0 - SUBJECT ADDED ENTRY--TOPICAL TERM | |
| Topical term or geographic name entry element | Accounting |
| General subdivision | Data processing. |
| 650 #0 - SUBJECT ADDED ENTRY--TOPICAL TERM | |
| Topical term or geographic name entry element | Information storage and retrieval systems |
| General subdivision | Accounting. |
| 700 1# - ADDED ENTRY--PERSONAL NAME | |
| Personal name | Rama, Dasaratha V. |
| Relator term | author |
| 906 ## - LOCAL DATA ELEMENT F, LDF (RLIN) | |
| a | 7 |
| b | cbc |
| c | orignew |
| d | 1 |
| e | ocip |
| f | 20 |
| g | y-gencatlg |
| 942 ## - ADDED ENTRY ELEMENTS (KOHA) | |
| Source of classification or shelving scheme | Library of Congress Classification |
| Koha item type | Books |
| Classification part | 5679 |
| Item part | RAM |
| Call number prefix | HF |
| Withdrawn status | Lost status | Source of classification or shelving scheme | Damaged status | Not for loan | Collection code | Home library | Current library | Shelving location | Date acquired | Total Checkouts | Full call number | Barcode | Date last seen | Copy number | Price effective from | Koha item type | Inventory number | Date last checked out |
|---|---|---|---|---|---|---|---|---|---|---|---|---|---|---|---|---|---|---|
| Non-fiction | City Campus Library | City Campus Library | General Stacks | 11/25/2021 | 2 | HF5679 RAM 2006 | 031796 | 07/14/2022 | c.4 | 11/25/2021 | Books | 031796 | 07/11/2022 | |||||
| Non-fiction | City Campus Library | City Campus Library | General Stacks | 11/25/2021 | HF5679 RAM 2006 | 031795 | 11/25/2021 | c.5 | 11/25/2021 | Books | 031795 | |||||||
| Library of Congress Classification | Non-fiction | Mashava Campus Library | Mashava Campus Library | General Stacks | 05/12/2021 | HF5679 RAM 2006 | 023884 | 05/12/2021 | c. 1 | 05/12/2021 | Books | |||||||
| Library of Congress Classification | Non-fiction | Mashava Campus Library | Mashava Campus Library | General Stacks | 05/12/2021 | HF5679 RAM 2006 | 001703 | 05/12/2021 | c. 2 | 05/12/2021 | Books | 20490 | ||||||
| Library of Congress Classification | Non-fiction | Mashava Campus Library | Mashava Campus Library | General Stacks | 05/12/2021 | Hf5679 RAM 2006 | 001702 | 05/12/2021 | c. 3 | 05/12/2021 | Books |